000
00335nam a22001457a 4500
008
230911b ||||| |||| 00| 0 eng d
020
_a
2800521780362
041
_a
eng
080
_a
521
082
_a
521TRU
100
_a
19
101
_a
ASTRO
245
_a
TYPE LA SUPERNOVAE;THEORY AND COSMOLOGY
_c
TRURAN .W.J
942
_2
udc
_c
BK
999
_c
60316
_d
60316